000 00940cam a2200217 4500
001 WB3845-27
008 021203n2002 000 0 eng u
035 _a(Sirsi) u120659
245 _aDEFRA wrong in set-aside ruling
260 _c2002
490 _aFarmers' Weekly
_v137(21) 22 November 2002, 8(1)
490 _aNFU Press Release
_v15 November 2002, (2)
520 _aThe High Court has ruled that DEFRA was wrong to deny Staffs farmer John Cooke £28 000 because set-aside land had been used for grass during the preceding year. The ruling should mean over 1 000 arable farmers will receive outstanding set-aside and related payments. Farmers who may benefit from the case should contact DEFRA. www.nfu.org.uk/pr/4029630/PRONLINE.htm
590 _aWB
650 _aARABLE FARMERS
650 _aSET-ASIDE PAYMENTS
650 _aSET-ASIDE LAND
650 _aDEFRA
690 _aRURAL-AGRICULTURE AND FORESTRY
942 _n0
999 _c71703
_d71703